[Event "NZL-ch op 132nd"]
[Site "Wellington"]
[Date "2025.01.02"]
[Round "1"]
[White "Xing, Zeqi"]
[Black "Mao, Daqi"]
[Result "0-1"]
[WhiteElo "1759"]
[BlackElo "2015"]
[PlyCount "112"]
[EventDate "2025.01.02"]
[EventType "swiss"]
[EventRounds "9"]
[EventCountry "NZL"]
[SourceTitle "CB03_2025"]
[SourceDate "2025.01.15"]
[SourceVersion "1"]
[SourceVersionDate "2025.01.15"]
[SourceQuality "1"]

1. d4 e6 2. c4 Bb4+ 3. Bd2 a5 4. a3 Bxd2+ 5. Qxd2 Nf6 6. Nc3 d5 7. e3 b6 8. cxd5 exd5 9. Nf3 Bf5 10. Ne5 0-0 11. Bd3 Bxd3 12. Qxd3 Qe7 13. 0-0 c5 14. f4 c4 15. Qf5 Na6 16. Rf3 Nc7 17. Rg3 g6 18. Qg5 Ne6 19. Qh4 Ng7 20. Ng4 Ngh5 21. Qg5 Rfd8 22. Rh3 Kf8 23. Ne5 Ng8 24. g4 Ng7 25. Qxe7+ Nxe7 26. Rxh7 Kg8 27. Rh6 Ne8 28. Kf2 Kg7 29. Rh3 Nd6 30. Rg1 f6 31. Nf3 b5 32. Nd2 b4 33. Na4 Nb5 34. Nc5 Rh8 35. Rxh8 Rxh8 36. Kg3 bxa3 37. bxa3 Nxa3 38. Ra1 Nc2 39. Rxa5 Nxe3 40. Ra2 Nc2 41. Ra7 Re8 42. Ne6+ Kh8 43. Nc7 Rc8 44. Ne6 Nc6 45. Rd7 c3 46. Nb3 N2b4 47. Nc7 Nb8 48. Rd6 Rxc7 49. Rd8+ Kg7 50. Rxb8 Nd3 51. Rb5 c2 52. Rxd5 Rc3 53. Rd7+ Kf8 54. Kh4 Rxb3 55. g5 c1Q 56. h3 Qxf4# 0-1

[Event "North Island-ch"]
[Site "Auckland"]
[Date "2022.07.15"]
[Round "3"]
[White "Barry, Jacob"]
[Black "Mao, Daqi"]
[Result "0-1"]
[WhiteElo "1204"]
[BlackElo "1832"]
[PlyCount "94"]
[EventDate "2022.07.14"]
[EventType "swiss"]
[EventRounds "9"]
[EventCountry "NZL"]
[SourceTitle "EXT 2024"]
[Source "ChessBase"]
[SourceDate "2023.10.10"]
[SourceVersion "1"]
[SourceVersionDate "2023.10.10"]
[SourceQuality "1"]

1. Nf3 Nf6 2. d4 d5 3. c4 e6 4. Nc3 Be7 5. Bf4 c6 6. cxd5 exd5 7. e3 0-0 8. h3 Nbd7 9. Bd3 Re8 10. Qc2 Nf8 11. a3 Bd6 12. Bg5 h6 13. Bh4 g5 14. Nxg5 hxg5 15. Bxg5 Be7 16. h4 N6h7 17. f4 Kg7 18. Qf2 f6 19. Kd2 fxg5 20. hxg5 Nxg5 21. fxg5 Bxg5 22. Rae1 c5 23. Rhf1 Be6 24. Bf5 cxd4 25. Bxe6 dxe3+ 26. Rxe3 Bxe3+ 27. Qxe3 Rxe6 28. Qd4+ Kg8 29. Qg4+ Rg6 30. Rxf8+ Kxf8 31. Qxg6 Qe7 32. Qh6+ Kg8 33. Qg6+ Qg7 34. Qe6+ Qf7 35. Qg4+ Kf8 36. Qb4+ Qe7 37. Qf4+ Ke8 38. Qg4 Rd8 39. Qg8+ Kd7 40. Qg4+ Qe6 41. Qg7+ Kc6 42. Qd4 b6 43. Qa4+ Kb7 44. Nb5 a6 45. Qh4 Re8 46. Nd4 Qe3+ 47. Kd1 Qd3+ 0-1

[Event "Eastern Asia-ch U10"]
[Site "Tornelo INT"]
[Date "2021.10.31"]
[Round "7"]
[White "Mao, Daqi"]
[Black "Li, Yiheng"]
[Result "1-0"]
[WhiteElo "1638"]
[BlackElo "1344"]
[PlyCount "77"]
[EventDate "2021.10.29"]
[EventType "swiss"]
[EventRounds "9"]
[EventCountry "NET"]
[SourceTitle "EXT 2023"]
[Source "ChessBase"]
[SourceDate "2022.10.05"]
[SourceVersion "1"]
[SourceVersionDate "2022.10.05"]
[SourceQuality "1"]

1. d4 Nf6 2. c4 g6 3. Nc3 Bg7 4. e4 d6 5. Nf3 0-0 6. Be2 Nbd7 7. 0-0 e5 8. h3 exd4 9. Nxd4 Re8 10. f3 Nc5 11. Be3 Bd7 12. Nd5 Nxd5 13. cxd5 a5 14. Qd2 Qh4 15. Bf2 Qe7 16. Rac1 f5 17. Nb5 fxe4 18. Bxc5 dxc5 19. Nxc7 Bd4+ 20. Kh1 exf3 21. Bxf3 Be3 22. Qc3 Bxc1 23. d6 Qg7 24. Qxc1 Rab8 25. Bd5+ Kh8 26. Rf7 Qxf7 27. Bxf7 Re4 28. Qc3+ Rd4 29. Qxc5 Rd1+ 30. Kh2 Kg7 31. Bb3 Rf1 32. Qe5+ Kh6 33. Qe3+ Kg7 34. Qe7+ Kh6 35. Qxd7 Rbf8 36. Ne6 R8f7 37. Qd8 R1f6 38. d7 Rf4 39. Qg5# 1-0

[Event "Eastern Asia-ch U10"]
[Site "Tornelo INT"]
[Date "2021.10.30"]
[Round "4"]
[White "Vaz, Ethan"]
[Black "Mao, Daqi"]
[Result "1/2-1/2"]
[WhiteElo "1284"]
[BlackElo "1638"]
[PlyCount "149"]
[EventDate "2021.10.29"]
[EventType "swiss"]
[EventRounds "9"]
[EventCountry "NET"]
[SourceTitle "EXT 2023"]
[Source "ChessBase"]
[SourceDate "2022.10.05"]
[SourceVersion "1"]
[SourceVersionDate "2022.10.05"]
[SourceQuality "1"]

1. e4 e6 2. d4 d5 3. exd5 exd5 4. Bd3 Bd6 5. Nf3 Nf6 6. 0-0 0-0 7. h3 h6 8. Re1 Re8 9. Rxe8+ Qxe8 10. Be3 Nc6 11. c3 Ne4 12. Nbd2 Bf5 13. Qc2 Nxd2 14. Qxd2 Bxd3 15. Qxd3 Qd7 16. Re1 Re8 17. Bd2 Rxe1+ 18. Nxe1 a6 19. Nf3 Qe6 20. Be3 Qe4 21. Qxe4 dxe4 22. Nd2 f5 23. Nc4 Kf7 24. h4 Ke6 25. g3 h5 26. Kg2 b5 27. Nd2 Ne7 28. Bg5 Nd5 29. c4 Nb4 30. a3 Nd3 31. c5 Be7 32. Bxe7 Kxe7 33. b4 Ke6 34. Nf1 Ne1+ 35. Kh3 Nc2 36. Ne3 Nxd4 37. Kg2 Nf3 38. Kf1 f4 39. gxf4 Nxh4 40. Ke2 Nf5 41. Nf1 Nd4+ 42. Ke3 Kd5 43. Ng3 Nc2+ 44. Kd2 Nxa3 45. Nxh5 Nc4+ 46. Kc3 a5 47. bxa5 Kxc5 48. Nxg7 b4+ 49. Kb3 Nxa5+ 50. Kc2 Kd5 51. f5 Ke5 52. f6 Kxf6 53. Ne8+ Ke5 54. Nxc7 Nc6 55. Kb3 Kf4 56. Ne6+ Kf5 57. Nc5 Ke5 58. Kc4 Kf4 59. Ne6+ Kg4 60. Nc5 Kf3 61. Kb3 Kf4 62. Ne6+ Ke5 63. Nc5 Kd5 64. Na6 Kd4 65. Nxb4 Ne5 66. Kc2 Ng4 67. Kd2 Nxf2 68. Nc2+ Ke5 69. Ke2 Nh3 70. Ke3 Nf4 71. Ne1 Nd5+ 72. Ke2 Kf4 73. Ng2+ Kg3 74. Ne1 Kg4 75. Ng2 1/2-1/2

[Event "Henderson Trusts op-A 43rd"]
[Site "Henderson"]
[Date "2021.06.07"]
[Round "5"]
[White "Koestanto, Erwin"]
[Black "Mao, Daqi"]
[Result "1-0"]
[WhiteElo "1828"]
[BlackElo "1837"]
[PlyCount "123"]
[EventDate "2021.06.05"]
[EventType "swiss"]
[EventRounds "6"]
[EventCountry "NZL"]
[SourceTitle "EXT 2024"]
[Source "ChessBase"]
[SourceDate "2023.10.10"]
[SourceVersion "1"]
[SourceVersionDate "2023.10.10"]
[SourceQuality "1"]

1. d4 Nf6 2. c4 g6 3. Nc3 Bg7 4. e4 d6 5. Nf3 0-0 6. Be2 e5 7. 0-0 Nc6 8. d5 Ne7 9. Ne1 Ne8 10. Be3 f5 11. f3 f4 12. Bf2 g5 13. c5 h5 14. cxd6 cxd6 15. a4 Nf6 16. Nb5 a6 17. Na3 Ng6 18. Nc4 Nh8 19. Qb3 Nf7 20. Nb6 Rb8 21. Rc1 Nh6 22. Nd3 Bd7 23. Qb4 Be8 24. Nc4 Nf7 25. Bb6 Qe7 26. Na5 Bd7 27. Rc7 Ne8 28. Rc3 g4 29. Ba7 Rc8 30. Qxb7 Nd8 31. Qb4 g3 32. Kh1 Kh8 33. Rfc1 Rxc3 34. Rxc3 Rg8 35. Bf1 gxh2 36. Bf2 Bf6 37. Nc6 Nxc6 38. dxc6 Bc8 39. c7 Bh4 40. Qb6 Bg3 41. Bxg3 Rxg3 42. Nb4 Rg8 43. Nd5 Qh4 44. Rc2 Qg5 45. Qf2 h4 46. Kxh2 Ng7 47. Nb6 Ne6 48. Nxc8 Rxc8 49. Bxa6 Rxc7 50. Rxc7 Nxc7 51. Bc8 Qd8 52. Bg4 Kg7 53. Qa7 Kf6 54. b4 h3 55. Qf2 Qh8 56. Bxh3 Ne6 57. a5 Kg5 58. a6 Qa8 59. b5 Qb8 60. b6 Qa8 61. b7 Qb8 62. Qb6 1-0